Catalog

Record Details

Catalog Search



The creeds of Christendom : with a history and critical notes Volume II The Greek and Latin creeds, with translations Cover Image Book Book

The creeds of Christendom : with a history and critical notes Edited by Philip Schaff ; Revised by S. Schaff Volume II The Greek and Latin creeds, with translations

Schaff, Philip (Author). Schaff, David S. (Added Author).

Record details

  • ISBN: 0-8010-8232-3
  • Physical Description: xvii + 8 + 634 p.
  • Edition: 6th edition
  • Publisher: Grand Rapids, Michigan Baker Book House 1998

Content descriptions

General Note:
Three Volume Set

Available copies

  • 3 of 3 copies available at Common Catalog SPOK.

Holds

  • 0 current holds with 3 total copies.
Show Only Available Copies
Location Call Number / Copy Notes Barcode Shelving Location Status Due Date
ETS Library 238 424470010391 Volný výběr Available -
ETS Library 238 424470010392 Volný výběr Available -
ETS Library 238 424470010393 Volný výběr Available -

LDR 00952nam a2 00277
00136994
003CZ-PrJAB
00520040305000000.0
008021105s1998 xxu e |||| |eng
009us
020 . ‡a0-8010-8232-3
035 . ‡a(CONS)1573
035 . ‡aKPS11140
040 . ‡aABG450
041 . ‡aeng
08214. ‡a238
100 . ‡72410 ‡aSchaff, Philip
245 . ‡aThe creeds of Christendom : ‡bwith a history and critical notes ‡cEdited by Philip Schaff ; Revised by S. Schaff ‡nVolume II ‡pThe Greek and Latin creeds, with translations
250 . ‡a6th edition
260 . ‡aGrand Rapids, Michigan ‡bBaker Book House ‡c1998
300 . ‡axvii + 8 + 634 p.
500 . ‡aThree Volume Set
653 . ‡aThe creeds of Christendom ‡ahistory and critical notes ‡athe Greek and Latin creeds, with translations
700 . ‡73391 ‡aSchaff, David S.
8524 . ‡bETS ‡bETS ‡cVolný výběr ‡j238 ‡gP ‡p424470010392 ‡xreference
910 . ‡aABG450
910 . ‡aABG450
910 . ‡aABG450
999 . ‡a1574 ‡bAUTOGEN ‡c1574 ‡tbiblio
999 . ‡a1572 ‡bAUTOGEN ‡c1572 ‡tbiblio
999 . ‡a1573 ‡bAUTOGEN ‡c1573 ‡tbiblio
905 . ‡uadmin
901 . ‡a36994 ‡b ‡c36994 ‡tbiblio ‡sets

Additional Resources